India today. (Record no. 24120)

MARC details
000 -LEADER
fixed length control field 00906cas a2200337 a 4500
001 - CONTROL NUMBER
control field 11409935
005 - DATE AND TIME OF LATEST TRANSACTION
control field 20180824142623.0
008 - FIXED-LENGTH DATA ELEMENTS--GENERAL INFORMATION
fixed length control field 921022c19919999ii ar p eng
010 ## - LIBRARY OF CONGRESS CONTROL NUMBER
LC control number 92906118
025 ## - OVERSEAS ACQUISITION NUMBER
Overseas acquisition number I-E-E-6597
035 ## - SYSTEM CONTROL NUMBER
System control number (OCoLC)ocm26834260
040 ## - CATALOGING SOURCE
Original cataloging agency DLC
Transcribing agency DLC
Modifying agency ICRL
-- NIC
042 ## - AUTHENTICATION CODE
Authentication code lc
043 ## - GEOGRAPHIC AREA CODE
Geographic area code a-ii---
050 ## - LIBRARY OF CONGRESS CALL NUMBER
Classification number DS401
Item number .I27696
130 ## - MAIN ENTRY--UNIFORM TITLE
Uniform title India today (Annual)
245 ## - TITLE STATEMENT
Title India today.
246 ## - VARYING FORM OF TITLE
Title proper/short title Today
250 ## - EDITION STATEMENT
Edition statement Special ed.
260 ## - PUBLICATION, DISTRIBUTION, ETC. (IMPRINT)
Place of publication, distribution, etc New Delhi :
Name of publisher, distributor, etc Living Media India Ltd.,
Date of publication, distribution, etc 1992-
300 ## - PHYSICAL DESCRIPTION
Extent v. :
Other physical details ill. ;
Dimensions 28 cm.
310 ## - CURRENT PUBLICATION FREQUENCY
Current publication frequency weekly
350 ## - PRICE (NR) (BK AM CF MU VM SE) [OBSOLETE]
Price Rs55.00
500 ## - GENERAL NOTE
General note Title from cover.
500 ## - GENERAL NOTE
General note General.
590 ## - LOCAL NOTE (RLIN)
Local note SERBIB/SERLOC merged record
651 ## - SUBJECT ADDED ENTRY--GEOGRAPHIC NAME
Geographic name India
General subdivision Periodicals.
906 ## - LOCAL DATA ELEMENT F, LDF (RLIN)
a 7
b cbc
c serials
d 3
e ncip
f 19
g n-oclcserc
942 ## - ADDED ENTRY ELEMENTS (KOHA)
Source of classification or shelving scheme Dewey Decimal Classification
Item type Periodicals
Classification part 050
Call number suffix IND
Serial record 1
Holdings
Withdrawn status Lost status Source of classification or shelving scheme Damaged status Not for loan Collection code Home library Current library Date acquired Total Checkouts Full call number Date last seen Price effective from Koha item type
    Dewey Decimal Classification   Not For Loan Non-fiction D.B.Act.Division D.B.Act.Division 20/02/2009   050 IND 20/02/2009 20/02/2009 Periodicals

© Delhi Public Library
Hit Counter
free hit counter